polskie miasta na literę s - Statystyki

Ogólne statystyki
  • Ten quiz został rozwiązany 676 razy
  • Średni wynik to 5 z 12
Statystyki odpowiedzi
druga litera miasto % Poprawnych
Z szczecin
93%
Ł słupsk
71%
U suwałki
64%
A sandomierz
55%
O sosnowiec
46%
O sopot
42%
A sanok
37%
T stargard szczeciński
33%
Z szczecinek
31%
I siedlce
30%
Ł sławno
22%
Z szklarska poręba
5%
Nie znaleziono quizów pasujących do podanych kryteriów
Rozkład punktacji
Procent ludzi z każdym wynikiem
Percentyl według liczby udzielonych odpowiedzi
Twoja historia wyników
Nie rozwiązałeś tego quizu